ბათუმის შოთა რუსთაველის სახელმწიფო უნივერსიტეტის ბიბლიოთეკა

Cooking for One or TWO. (ბიბ.ჩანაწერი № 47267)

000 -LEADER
fixed length control field 00517nam a2200205Ia 4500
001 - CONTROL NUMBER
control field 14127
003 - CONTROL NUMBER IDENTIFIER
control field GE_BSU
008 - FIXED-LENGTH DATA ELEMENTS--GENERAL INFORMATION
fixed length control field 181216s||||||||xx |||||||||||||| ||und||
040 ## - CATALOGING SOURCE
Transcribing agency GE_BSU
080 ## - UNIVERSAL DECIMAL CLASSIFICATION NUMBER
Universal Decimal Classification number 641
245 ## - TITLE STATEMENT
Title Cooking for One or TWO.
245 ## - TITLE STATEMENT
Remainder of title Good Housekeeping step-by-step cookery
260 ## - PUBLICATION, DISTRIBUTION, ETC.
Place of publication, distribution, etc. London
260 ## - PUBLICATION, DISTRIBUTION, ETC.
Name of publisher, distributor, etc. Guild publishing/Ebury Press
260 ## - PUBLICATION, DISTRIBUTION, ETC.
Date of publication, distribution, etc. 1986
300 ## - PHYSICAL DESCRIPTION
Extent 160p.ill.25cm.
653 ## - INDEX TERM--UNCONTROLLED
Uncontrolled term Cooking for One or TWO.
653 ## - INDEX TERM--UNCONTROLLED
Uncontrolled term Good Housekeeping step-by-step cookery
942 ## - ADDED ENTRY ELEMENTS (KOHA)
Koha item type წიგნი
ეგზემპლარები
Withdrawn status Lost status Damaged status Not for loan Date acquired Barcode Date last seen Price effective from Koha item type
        2018-12-17 37420 2018-12-17 2018-12-17 წიგნი